000 00894cam a22003017a 4500
005 20220817043057.0
008 971010s1987 r 00010 d
010 _a64851
011 _a65823
035 _a73250
082 _a634.9734
_bF37Y
110 2 _aFAO
245 1 0 _aEfecto ecológico de los eucalíptos
260 _aRoma :
_bFAO,
_c1987
300 _a106 p.
_b: ilus.
490 0 _aFAO. Montes
_v; 59
590 _aBATCH-UPD
_b10
_c20130110
_lUCH01
_h0848
590 _aBATCH-UPD
_b10
_c20130410
_lUCH01
_h0521
590 _aBATCH-UPD
_b10
_c20130914
_lUCH01
_h1251
590 _aCONVERSION
_b10
_c20130109
_lUCH01
_h1335
650 1 4 _aEcología vegetal.
_935188
650 1 4 _aEucalipto.
700 0 _aFries, C.
_943311
700 0 _aPoore, M. E. D.
_990870
830 0 _aFAO. Montes
_v; 59
_939632
901 _aBK
949 _a634.9734 F37Y
_bDCF
_cLIBRO
_d-6032
_eLIBRO
_h4166
_i73250
_si
999 _c64851
_d64851